00521nam a2200157Ia 450000500170000000800410001704100080005808200160006610000310008224500510011326000370016430000080020165000200020999900190022995201150024820250729165802.0250729s2017 xx 000 0 und d aeng a371.25 SHAU aSharada Mattikoppa9232969 aUnderstanding Dicipli and pedagogy - Languages aMysorebVismaya Prakashanac2017 a98p aEnglish9232970 c240047d240047 00104070aALbALd2025-07-29eManagement Bookl0o371.25 SHAUpBED05366r2025-07-29 16:58:02w2025-07-29yBK